Star Academy - Setlist de la tournée de la Saison 12 - Statistiques

Statistiques générales
  • Ce quiz a été pris 208 fois
  • Le résultat moyen est 16 sur 35
Statistiques - réponses
Chansons % Correct
5 Ma Faute - Marine
91%
2 Recommence-moi
91%
1 Quand on arrive en ville
80%
8 Cosmo - Charles, Franck & Ulysse
62%
24 Unforgettable - Ebony
62%
4 À ma place - Marguerite & Ulysse
61%
35 Et si tu sens
58%
12 All by Myself - Marine
56%
23 Mr Mme - Charles, Franck & Ulysse
56%
13 Nous
56%
22 Casting - Maïa
53%
11 Sweet Dreams - Ebony, Emma & Marguerite
52%
29 Feel Good - Emma, Maïa, Marine & Maureen
51%
7 Medley Clara Luciani : Vos voix, Respire encore, Le Reste & Drôle d'époque
49%
30 Indélébile - Emma & Franck
45%
26 Quand on a que l'amour - Charles & Marine
44%
21 Vie d'artiste - Emme
44%
6 Wannabe - toutes les filles
44%
27 Dis moi - Maïa & Ulysse
42%
15 Ne me quitte pas - Franck
42%
19 Unholy - Ebony, Franck, Marine & Maureen
42%
16 SOS d'un terrien en détresse - Charles
41%
9 Mauvais Garçons - toutes les filles
40%
20 Mourir sur scène - Maureen
37%
34 Never Enough - Ebony & Marine
36%
3 Writting on the Wall - Charles & Ebony
35%
17 Creep - Ebony
32%
10 Les moulins de mon cœur - Charles & Marguerite
32%
18 I am What I am - Marine
31%
14 Medley Cowboy : Texas Hold 'Em, Jolene & Cotton Eye Joe
29%
25 Louxor, j'adore
21%
28 New York avec toi - Ulysse
21%
33 Can't Stop the Feeling
20%
32 Moves like Jagger
12%
31 It's a man's man's man's world - Ebony & Franck
9%
Aucun quiz correspondant
Distribution des résultats
% des personnes avec chaque résultat
Percentile par nombre de réponses
Votre historique - résultats
Vous n’avez pas pris ce quiz